| 000 | 00492nam a2200181Ia 4500 | ||
|---|---|---|---|
| 005 | 20250404125103.0 | ||
| 008 | 240911s9999 xx 000 0 und d | ||
| 020 |
_a9788190672428 _qhbk |
||
| 041 | _aeng | ||
| 082 |
_a294.3092 _bBOD |
||
| 100 | _aBoddhisattava, Asvaghosha | ||
| 245 | 0 |
_aLife of Buddha _c/ Asvaghosha Boddhisattava |
|
| 250 | _a1st ed. | ||
| 260 |
_bAgam Kala _cc2010 _aNew Delhi |
||
| 300 |
_a132 p. _c28 cm. |
||
| 650 | _aBuddha; Buddha life History | ||
| 942 | _cENGLISH | ||
| 999 |
_c557760 _d557760 |
||